[Event "Titled Tuesday intern op 05th Dec Early"]
[Site "Chess.com INT"]
[Date "2023.12.05"]
[Round "8"]
[White "Batbold, Nyamsuren"]
[Black "Ianovsky, Matias Manuel"]
[Result "1-0"]
[WhiteElo "2143"]
[BlackElo "2218"]
[PlyCount "87"]
[EventDate "2023.12.05"]
[EventType "swiss (blitz)"]
[EventRounds "11"]
[EventCountry "USA"]
[SourceTitle "EXT 2025"]
[Source "ChessBase"]
[SourceDate "2024.10.14"]
[SourceVersion "1"]
[SourceVersionDate "2024.10.14"]
[SourceQuality "1"]

1. d4 Nf6 2. c4 g6 3. Nc3 d5 4. cxd5 Nxd5 5. e4 Nxc3 6. bxc3 Bg7 7. Bc4 c5 8. Ne2 Nc6 9. Be3 0-0 10. 0-0 cxd4 11. cxd4 Bg4 12. f3 Na5 13. Bxf7+ Rxf7 14. fxg4 Rxf1+ 15. Kxf1 Qd7 16. h3 Qe6 17. Qd3 Nc4 18. Rc1 Nxe3+ 19. Qxe3 Qxa2 20. e5 a5 21. Kg1 a4 22. Qf3 Rf8 23. Qd3 Bh6 24. Rb1 Be3+ 25. Kh1 Rf2 26. Nc3 Qd2 27. Qxd2 Rxd2 28. Nxa4 Bxd4 29. e6 Ra2 30. Nb6 Ra6 31. Nd7 Rxe6 32. Rxb7 Kg7 33. Kh2 g5 34. Rb5 h6 35. Rf5 Rd6 36. Ne5 Rd5 37. Nf3 Rxf5 38. gxf5 Bc5 39. g4 Kf6 40. Nd2 Bd6+ 41. Kg2 Bf4 42. Ne4+ Ke5 43. Kf3 Bc1 44. Ng3 1-0

[Event "Titled Tuesday intern op 05th Dec Early"]
[Site "Chess.com INT"]
[Date "2023.12.05"]
[Round "4"]
[White "Gruzman, Ilya"]
[Black "Ianovsky, Matias Manuel"]
[Result "1-0"]
[WhiteElo "2151"]
[BlackElo "2218"]
[PlyCount "143"]
[EventDate "2023.12.05"]
[EventType "swiss (blitz)"]
[EventRounds "11"]
[EventCountry "USA"]
[SourceTitle "EXT 2025"]
[Source "ChessBase"]
[SourceDate "2024.10.14"]
[SourceVersion "1"]
[SourceVersionDate "2024.10.14"]
[SourceQuality "1"]

1. d4 Nf6 2. c4 g6 3. Nc3 d5 4. cxd5 Nxd5 5. e4 Nxc3 6. bxc3 Bg7 7. Bc4 c5 8. Ne2 0-0 9. Be3 Nc6 10. 0-0 cxd4 11. cxd4 b6 12. Qd2 Bb7 13. Rac1 Rc8 14. Rfd1 Na5 15. Bd3 e5 16. d5 f5 17. f3 Qd7 18. Rxc8 Rxc8 19. Rc1 Rd8 20. Qb4 Bf8 21. Qb2 Bd6 22. Bg5 Rc8 23. exf5 gxf5 24. Bf6 Rxc1+ 25. Qxc1 Bc5+ 26. Kh1 f4 27. Be4 Bxd5 28. Bxe5 Bxe4 29. fxe4 f3 30. Qg5+ Kf8 31. Qf6+ Ke8 32. Qh8+ Bf8 33. gxf3 Qd3 34. Ng1 Nc4 35. Bg7 Qd6 36. Qxh7 Bxg7 37. Qxg7 Ne5 38. Qxa7 Nd3 39. Qa8+ Ke7 40. Qb7+ Kf8 41. Qh7 Qd4 42. Qh6+ Ke8 43. Qh5+ Kf8 44. Qf5+ Ke8 45. Qg6+ Ke7 46. h4 Nf2+ 47. Kg2 Nd3 48. Qg5+ Ke8 49. Nh3 Qb2+ 50. Kg3 Qd4 51. Qg6+ Ke7 52. Qh7+ Ke8 53. Ng5 Qe5+ 54. Kg4 Nf2+ 55. Kh5 Nd3 56. Qf7+ Kd8 57. Kh6 Nf4 58. Qxf4 Qh8+ 59. Kg6 Qe8+ 60. Kf5 Qc6 61. Kg4 Qd7+ 62. Qf5 Qd1 63. Nf7+ Ke7 64. Ng5 Qg1+ 65. Kf4 Qc1+ 66. Ke5 Qc7+ 67. Kd4 Qc1 68. Qf7+ Kd8 69. Ne6+ Kc8 70. Qc7+ Qxc7 71. Nxc7 Kxc7 72. h5 1-0

[Event "Titled Tuesday intern op 05th Dec Early"]
[Site "Chess.com INT"]
[Date "2023.12.05"]
[Round "10"]
[White "Herman, Daniel"]
[Black "Ianovsky, Matias Manuel"]
[Result "0-1"]
[WhiteElo "1927"]
[BlackElo "2218"]
[PlyCount "62"]
[EventDate "2023.12.05"]
[EventType "swiss (blitz)"]
[EventRounds "11"]
[EventCountry "USA"]
[SourceTitle "EXT 2025"]
[Source "ChessBase"]
[SourceDate "2024.10.14"]
[SourceVersion "1"]
[SourceVersionDate "2024.10.14"]
[SourceQuality "1"]

1. d4 Nf6 2. c4 g6 3. Nc3 d5 4. h4 h5 5. Bg5 Bg7 6. e3 Ne4 7. Nxe4 dxe4 8. Ne2 c5 9. Qc2 Nc6 10. dxc5 Qa5+ 11. Nc3 Bf5 12. 0-0-0 Nb4 13. Qa4+ Qxa4 14. Nxa4 Nxa2+ 15. Kb1 Nb4 16. Be2 e5 17. Rd6 0-0 18. g4 hxg4 19. h5 f6 20. h6 fxg5 21. hxg7 Kxg7 22. Nc3 Rh8 23. Rg1 Rh4 24. Nd5 Nd3 25. Ne7 Nxf2 26. Rf1 g3 27. Rg1 Rh1 28. Rxh1 Nxh1 29. Bf1 Rh8 30. Rd2 Nf2 31. Bg2 Rh2 0-1

[Event "Titled Tuesday intern op 05th Dec Early"]
[Site "Chess.com INT"]
[Date "2023.12.05"]
[Round "11"]
[White "Ianovsky, Matias Manuel"]
[Black "Atakhan, Abtin"]
[Result "0-1"]
[WhiteElo "2218"]
[BlackElo "2417"]
[PlyCount "102"]
[EventDate "2023.12.05"]
[EventType "swiss (blitz)"]
[EventRounds "11"]
[EventCountry "USA"]
[SourceTitle "EXT 2025"]
[Source "ChessBase"]
[SourceDate "2024.10.14"]
[SourceVersion "1"]
[SourceVersionDate "2024.10.14"]
[SourceQuality "1"]

1. d4 Nf6 2. Nf3 d5 3. c4 e6 4. g3 Bb4+ 5. Bd2 Be7 6. Qc2 a5 7. Bg2 0-0 8. 0-0 c6 9. Rd1 Nbd7 10. Bf4 a4 11. Nbd2 Nh5 12. Be3 h6 13. Rac1 Qa5 14. Nf1 b5 15. cxd5 cxd5 16. Qc7 Qxc7 17. Rxc7 Bd6 18. Rc6 Bb8 19. Ne1 Bb7 20. Rc2 Bd6 21. Nd3 b4 22. Nd2 Ba6 23. Rc6 Be7 24. Rc7 Nhf6 25. Ne5 Nxe5 26. dxe5 Bd8 27. Rcc1 Nd7 28. Re1 Ba5 29. b3 a3 30. f4 Rfc8 31. Kf2 Bd8 32. Bd4 Be7 33. e4 dxe4 34. Nxe4 Rab8 35. Ke3 Kf8 36. Bf1 Bxf1 37. Rxf1 Ke8 38. Kd2 Kd8 39. Rxc8+ Rxc8 40. Rc1 Rxc1 41. Kxc1 Nb8 42. Kd2 Nc6 43. Be3 Kc7 44. Kd3 Na5 45. Bd4 Kc6 46. Nd2 Kd5 47. Ba1 Bc5 48. Ne4 Bg1 49. h3 Nb7 50. g4 Bh2 51. f5 Bxe5 0-1

[Event "Titled Tuesday intern op 05th Dec Early"]
[Site "Chess.com INT"]
[Date "2023.12.05"]
[Round "3"]
[White "Ianovsky, Matias Manuel"]
[Black "Can, Melih Kaan"]
[Result "1-0"]
[WhiteElo "2218"]
[BlackElo "2141"]
[PlyCount "87"]
[EventDate "2023.12.05"]
[EventType "swiss (blitz)"]
[EventRounds "11"]
[EventCountry "USA"]
[SourceTitle "EXT 2025"]
[Source "ChessBase"]
[SourceDate "2024.10.14"]
[SourceVersion "1"]
[SourceVersionDate "2024.10.14"]
[SourceQuality "1"]

1. d4 Nf6 2. Nf3 d5 3. c4 e6 4. g3 Be7 5. Bg2 0-0 6. 0-0 c6 7. Nbd2 Nbd7 8. Qc2 b6 9. b3 Bb7 10. Bb2 c5 11. dxc5 Nxc5 12. Rad1 Qc8 13. Rfe1 Nfe4 14. cxd5 exd5 15. Nd4 Rd8 16. N2f3 Bf6 17. Rc1 Qd7 18. Red1 Rac8 19. Qb1 a5 20. Ne1 Bg5 21. e3 Ba6 22. Ndf3 Bf6 23. Bxf6 Nxf6 24. Ne5 Qe6 25. N1f3 Nfe4 26. Bf1 Bxf1 27. Kxf1 g5 28. Nd3 Qh3+ 29. Kg1 g4 30. Nh4 Ng5 31. Nf4 Nce4 32. Nxh3 Nxh3+ 33. Kg2 Rxc1 34. Qxc1 Nhxf2 35. Rf1 d4 36. Rxf2 Nxf2 37. Kxf2 d3 38. Qd2 Kg7 39. Nf5+ Kf6 40. Nd4 Ke5 41. Qxd3 f5 42. Qxf5+ Kd6 43. Qe6+ Kc5 44. Qc4+ 1-0

[Event "Titled Tuesday intern op 05th Dec Early"]
[Site "Chess.com INT"]
[Date "2023.12.05"]
[Round "7"]
[White "Ianovsky, Matias Manuel"]
[Black "Swicarz, Maciej"]
[Result "1-0"]
[WhiteElo "2218"]
[BlackElo "2261"]
[PlyCount "89"]
[EventDate "2023.12.05"]
[EventType "swiss (blitz)"]
[EventRounds "11"]
[EventCountry "USA"]
[SourceTitle "EXT 2025"]
[Source "ChessBase"]
[SourceDate "2024.10.14"]
[SourceVersion "1"]
[SourceVersionDate "2024.10.14"]
[SourceQuality "1"]

1. d4 Nf6 2. Nf3 e6 3. c4 b6 4. g3 Ba6 5. b3 d5 6. Bg2 Nbd7 7. Nbd2 c5 8. 0-0 Rc8 9. dxc5 Nxc5 10. b4 Ncd7 11. b5 Bb7 12. Nd4 Bc5 13. N2b3 0-0 14. Bb2 Ba8 15. Nc6 Bxc6 16. bxc6 Rxc6 17. cxd5 Nxd5 18. Rc1 Rd6 19. Qc2 N5f6 20. Nd2 Ne5 21. Ne4 Nxe4 22. Bxe4 Ng6 23. Rfd1 f5 24. Bf3 f4 25. Kg2 fxg3 26. hxg3 Rxd1 27. Rxd1 Qg5 28. Qe4 Qf5 29. Rd7 Rf7 30. Qxf5 exf5 31. Bd5 Nh8 32. Rxa7 Kf8 33. Bxf7 Nxf7 34. e3 h5 35. Bd4 Bxd4 36. exd4 Nd6 37. Rd7 Nb5 38. Rd5 Nc3 39. Rxf5+ Ke7 40. Rxh5 Nxa2 41. Rb5 Nc3 42. Rxb6 Ne2 43. d5 g5 44. Re6+ Kf7 45. Rxe2 1-0

[Event "Titled Tuesday intern op 05th Dec Early"]
[Site "Chess.com INT"]
[Date "2023.12.05"]
[Round "9"]
[White "Ianovsky, Matias Manuel"]
[Black "Tabuenca Mendataurigoitia, Daniel"]
[Result "1-0"]
[WhiteElo "2218"]
[BlackElo "2343"]
[PlyCount "39"]
[EventDate "2023.12.05"]
[EventType "swiss (blitz)"]
[EventRounds "11"]
[EventCountry "USA"]
[SourceTitle "EXT 2025"]
[Source "ChessBase"]
[SourceDate "2024.10.14"]
[SourceVersion "1"]
[SourceVersionDate "2024.10.14"]
[SourceQuality "1"]

1. d4 d6 2. Nf3 Nf6 3. c4 g6 4. g3 Bg7 5. Bg2 Bf5 6. 0-0 0-0 7. Nc3 Ne4 8. Nh4 Nxc3 9. bxc3 Bc8 10. f4 c5 11. f5 Nc6 12. Be3 Qc7 13. Qd3 b6 14. fxg6 hxg6 15. Nxg6 fxg6 16. Qxg6 cxd4 17. Bh6 e6 18. Rxf8+ Kxf8 19. Rf1+ Kg8 20. Be4 1-0

[Event "Titled Tuesday intern op 05th Dec Early"]
[Site "Chess.com INT"]
[Date "2023.12.05"]
[Round "1"]
[White "Mejia, Cherry Ann"]
[Black "Ianovsky, Matias Manuel"]
[Result "0-1"]
[WhiteElo "1918"]
[BlackElo "2218"]
[PlyCount "54"]
[EventDate "2023.12.05"]
[EventType "swiss (blitz)"]
[EventRounds "11"]
[EventCountry "USA"]
[SourceTitle "EXT 2025"]
[Source "ChessBase"]
[SourceDate "2024.10.14"]
[SourceVersion "1"]
[SourceVersionDate "2024.10.14"]
[SourceQuality "1"]

1. e4 c6 2. d4 d5 3. Nd2 dxe4 4. Nxe4 Nf6 5. Nxf6+ exf6 6. c3 Bd6 7. Bd3 0-0 8. Ne2 Qc7 9. Qc2 h6 10. Bd2 Be6 11. 0-0-0 Bxa2 12. c4 Nd7 13. Nc3 Bxc4 14. Bxc4 b5 15. Bd3 a5 16. h4 a4 17. g4 a3 18. b3 Bf4 19. g5 b4 20. Na2 c5 21. gxh6 cxd4 22. Qxc7 Bxc7 23. hxg7 Rfc8 24. Kb1 Nc5 25. Bc4 Ne4 26. h5 Kxg7 27. h6+ Kh8 0-1

[Event "Titled Tuesday intern op 14th Nov Early"]
[Site "Chess.com INT"]
[Date "2023.11.14"]
[Round "6"]
[White "Ianovsky, Matias Manuel"]
[Black "Ruge, Edison"]
[Result "1-0"]
[WhiteElo "2218"]
[BlackElo "2201"]
[PlyCount "53"]
[EventDate "2023.11.14"]
[EventType "swiss (blitz)"]
[EventRounds "11"]
[EventCountry "USA"]
[SourceTitle "CBM 217 Extra"]
[Source "ChessBase"]
[SourceDate "2024.01.31"]
[SourceVersion "1"]
[SourceVersionDate "2024.01.31"]
[SourceQuality "1"]

1. d4 d5 2. Nf3 e6 3. c4 c6 4. g3 f5 5. Bg2 Nf6 6. 0-0 Be7 7. b3 0-0 8. Bb2 Bd7 9. Nbd2 Be8 10. Qc2 Bh5 11. Ng5 Qd7 12. Ndf3 Ne4 13. Ne5 Qc8 14. Nxe4 fxe4 15. Bh3 Bf7 16. f3 exf3 17. Rxf3 Bf6 18. Nxf7 Kxf7 19. Qxh7 Ke8 20. Raf1 Qd7 21. Ba3 Bxd4+ 22. e3 Rxf3 23. Rxf3 Kd8 24. exd4 dxc4 25. Qg8+ Kc7 26. Rf7 Na6 27. Rxd7+ 1-0

[Event "Titled Tuesday intern op 14th Nov Early"]
[Site "Chess.com INT"]
[Date "2023.11.14"]
[Round "4"]
[White "Klimchuk, Andriy"]
[Black "Ianovsky, Matias Manuel"]
[Result "0-1"]
[WhiteElo "2405"]
[BlackElo "2218"]
[PlyCount "50"]
[EventDate "2023.11.14"]
[EventType "swiss (blitz)"]
[EventRounds "11"]
[EventCountry "USA"]
[SourceTitle "CBM 217 Extra"]
[Source "ChessBase"]
[SourceDate "2024.01.31"]
[SourceVersion "1"]
[SourceVersionDate "2024.01.31"]
[SourceQuality "1"]

1. e4 c6 2. d4 d5 3. e5 c5 4. c3 Nc6 5. Be2 Bf5 6. Nf3 e6 7. 0-0 Nh6 8. dxc5 Bxc5 9. Nbd2 Ng4 10. Nb3 Be7 11. Bf4 g5 12. Bg3 h5 13. h3 Nh6 14. Nfd4 g4 15. hxg4 hxg4 16. c4 Bh4 17. cxd5 Bxg3 18. fxg3 Nxe5 19. dxe6 fxe6 20. Nxf5 Qb6+ 21. Nfd4 Nf5 22. Qd2 Nxg3 23. Bb5+ Nd7 24. Bxd7+ Kxd7 25. Rfe1 Raf8 0-1

[Event "Titled Tuesday intern op 31st Oct Early"]
[Site "Chess.com INT"]
[Date "2023.10.31"]
[Round "5"]
[White "Hoffmann, Asa"]
[Black "Ianovsky, Matias Manuel"]
[Result "0-1"]
[WhiteElo "2185"]
[BlackElo "2218"]
[PlyCount "46"]
[EventDate "2023.10.31"]
[EventType "swiss (blitz)"]
[EventRounds "11"]
[EventCountry "USA"]
[SourceTitle "EXT 2025"]
[Source "ChessBase"]
[SourceDate "2024.10.14"]
[SourceVersion "1"]
[SourceVersionDate "2024.10.14"]
[SourceQuality "1"]

1. d4 Nf6 2. Bg5 g6 3. Nc3 d5 4. f3 c5 5. e4 cxd4 6. Qxd4 Nc6 7. Bb5 Bg7 8. e5 Nd7 9. Qxd5 Ncxe5 10. 0-0-0 0-0 11. f4 Ng4 12. Qf3 Qb6 13. Bxd7 Bxd7 14. Rxd7 Nf2 15. Rxb7 Qc5 16. Rb5 Qc4 17. Qxf2 Bxc3 18. Rb3 Bd4 19. Qe2 Qa4 20. Ra3 Qc6 21. Nf3 Bg7 22. Rb3 Rfc8 23. Kb1 a5 0-1

[Event "Titled Tuesday intern op 31st Oct Early"]
[Site "Chess.com INT"]
[Date "2023.10.31"]
[Round "3"]
[White "Ianovsky, Matias Manuel"]
[Black "Evdokimov, Alexey2"]
[Result "1-0"]
[WhiteElo "2218"]
[BlackElo "2227"]
[PlyCount "71"]
[EventDate "2023.10.31"]
[EventType "swiss (blitz)"]
[EventRounds "11"]
[EventCountry "USA"]
[SourceTitle "EXT 2025"]
[Source "ChessBase"]
[SourceDate "2024.10.14"]
[SourceVersion "1"]
[SourceVersionDate "2024.10.14"]
[SourceQuality "1"]

1. d4 Nf6 2. Nf3 g6 3. c4 Bg7 4. g3 0-0 5. Bg2 d6 6. 0-0 c5 7. Nc3 Nc6 8. d5 Na5 9. Nd2 a6 10. Rb1 Bd7 11. b3 b5 12. Bb2 Rb8 13. Qc2 e5 14. dxe6 Bxe6 15. cxb5 axb5 16. Nce4 Nc6 17. Nxf6+ Bxf6 18. Bxf6 Qxf6 19. Bxc6 d5 20. a4 b4 21. e4 d4 22. Bd5 Bh3 23. Rfe1 Rfe8 24. f4 Rbc8 25. Nc4 h5 26. Ne5 Re7 27. a5 h4 28. Ra1 Kg7 29. a6 hxg3 30. hxg3 g5 31. Qf2 gxf4 32. gxf4 Rh8 33. Qg3+ Kf8 34. a7 Rxa7 35. Rxa7 Be6 36. Ra8+ 1-0

[Event "Titled Tuesday intern op 17th Oct Late"]
[Site "Chess.com INT"]
[Date "2023.10.17"]
[Round "9"]
[White "Bardyk, Artem"]
[Black "Ianovsky, Matias Manuel"]
[Result "1-0"]
[WhiteElo "2206"]
[BlackElo "2218"]
[PlyCount "57"]
[EventDate "2023.10.17"]
[EventType "swiss (blitz)"]
[EventRounds "11"]
[EventCountry "USA"]
[SourceTitle "EXT 2025"]
[Source "ChessBase"]
[SourceDate "2024.10.14"]
[SourceVersion "1"]
[SourceVersionDate "2024.10.14"]
[SourceQuality "1"]

1. e4 c6 2. d4 d5 3. exd5 cxd5 4. Bd3 Nc6 5. c3 Nf6 6. h3 e5 7. dxe5 Nxe5 8. Nf3 Nxd3+ 9. Qxd3 Bd6 10. 0-0 0-0 11. Bg5 h6 12. Bh4 Re8 13. Nbd2 Be6 14. Rfe1 Rc8 15. Nd4 Bc5 16. N2f3 Bd7 17. Rxe8+ Bxe8 18. Re1 g5 19. Nxg5 hxg5 20. Bxg5 Bd7 21. Qg3 Nh5 22. Qh4 Qb6 23. Qxh5 Bxd4 24. cxd4 Qxd4 25. Re7 Be6 26. Rxe6 fxe6 27. Qg6+ Kf8 28. Qxe6 Rc6 29. Bh6+ 1-0

[Event "Titled Tuesday intern op 17th Oct Late"]
[Site "Chess.com INT"]
[Date "2023.10.17"]
[Round "11"]
[White "Fiorito, Joaquin"]
[Black "Ianovsky, Matias Manuel"]
[Result "1-0"]
[WhiteElo "2399"]
[BlackElo "2218"]
[PlyCount "61"]
[EventDate "2023.10.17"]
[EventType "swiss (blitz)"]
[EventRounds "11"]
[EventCountry "USA"]
[SourceTitle "EXT 2025"]
[Source "ChessBase"]
[SourceDate "2024.10.14"]
[SourceVersion "1"]
[SourceVersionDate "2024.10.14"]
[SourceQuality "1"]

1. d4 Nf6 2. c4 g6 3. Nc3 d5 4. Nf3 Bg7 5. h4 h5 6. cxd5 Nxd5 7. e4 Nxc3 8. bxc3 c5 9. Be3 Nc6 10. Be2 Bg4 11. d5 Bxc3+ 12. Kf1 Bxf3 13. gxf3 Nd4 14. Rc1 Qa5 15. Qd3 Nxe2 16. Kxe2 Bd4 17. Bxd4 cxd4 18. Qxd4 Qxa2+ 19. Ke3 0-0 20. Rhg1 Rac8 21. Ra1 Qb3+ 22. Kf4 Rc3 23. Rg3 Qb2 24. Rd1 Rfc8 25. Kg5 Kh7 26. d6 Qb5+ 27. Kf4 f6 28. dxe7 R8c5 29. Qxf6 Rf5+ 30. exf5 Rc4+ 31. Kg5 1-0

[Event "Titled Tuesday intern op 17th Oct Late"]
[Site "Chess.com INT"]
[Date "2023.10.17"]
[Round "7"]
[White "Ghasi, Ameet K"]
[Black "Ianovsky, Matias Manuel"]
[Result "1-0"]
[WhiteElo "2508"]
[BlackElo "2218"]
[PlyCount "83"]
[EventDate "2023.10.17"]
[EventType "swiss (blitz)"]
[EventRounds "11"]
[EventCountry "USA"]
[SourceTitle "EXT 2025"]
[Source "ChessBase"]
[SourceDate "2024.10.14"]
[SourceVersion "1"]
[SourceVersionDate "2024.10.14"]
[SourceQuality "1"]

1. c4 Nf6 2. e3 g6 3. Nf3 Bg7 4. Nc3 0-0 5. d4 d6 6. Be2 Bf5 7. 0-0 Re8 8. b3 c6 9. Bb2 Qa5 10. a3 e5 11. b4 Qc7 12. Rc1 e4 13. Nd2 h5 14. Qb3 Nbd7 15. d5 c5 16. a4 cxb4 17. Qxb4 Nc5 18. Nb5 Qe7 19. Nd4 Bg4 20. Rc2 Rac8 21. Ba1 Qd7 22. a5 Qe7 23. h3 Bd7 24. Nb5 a6 25. Nd4 g5 26. N4b3 Nd3 27. Qa3 g4 28. h4 g3 29. fxg3 Ng4 30. Bxg4 Bxg4 31. Bxg7 Kxg7 32. Qa1+ Kh7 33. Qf6 Qxf6 34. Rxf6 Kg7 35. Rxd6 Re5 36. Nd4 Nb4 37. Rb2 Nd3 38. Rxb7 Nc5 39. Rbb6 Nd7 40. Rxa6 Rb8 41. Nb5 Nc5 42. Rac6 1-0

[Event "Titled Tuesday intern op 17th Oct Early"]
[Site "Chess.com INT"]
[Date "2023.10.17"]
[Round "9"]
[White "Ianovsky, Matias Manuel"]
[Black "Durucay, Uygar"]
[Result "1/2-1/2"]
[WhiteElo "2218"]
[BlackElo "2004"]
[PlyCount "128"]
[EventDate "2023.10.17"]
[EventType "swiss (blitz)"]
[EventRounds "11"]
[EventCountry "USA"]
[SourceTitle "EXT 2025"]
[Source "ChessBase"]
[SourceDate "2024.10.14"]
[SourceVersion "1"]
[SourceVersionDate "2024.10.14"]
[SourceQuality "1"]

1. d4 Nf6 2. Nf3 e6 3. c4 Bb4+ 4. Nbd2 0-0 5. g3 d6 6. Bg2 Nc6 7. 0-0 Bxd2 8. Bxd2 Qe7 9. Qc2 a5 10. Rfe1 e5 11. d5 Nb8 12. c5 dxc5 13. Nh4 Qd6 14. Rac1 b6 15. f4 e4 16. Bc3 Bb7 17. Nf5 Qd8 18. Rcd1 Re8 19. d6 Nbd7 20. g4 Nd5 21. Nxg7 Nxf4 22. Nxe8 Qxe8 23. e3 Nd3 24. Rf1 cxd6 25. Qe2 N7e5 26. Rf5 Bc8 27. Rg5+ Ng6 28. Rxd3 exd3 29. Qxd3 Ra7 30. h4 h6 31. Rxg6+ fxg6 32. Be4 Kh7 33. h5 Qe6 34. Bxg6+ Kg8 35. Bf5 Qe8 36. Bxc8 Qxc8 37. Qg6+ Kf8 38. Qxh6+ Ke8 39. Qh8+ Kd7 40. Qh7+ Kc6 41. Qxa7 Qxg4+ 42. Kf2 Qf5+ 43. Ke1 Qc2 44. Qa8+ Kb5 45. Qe8+ Kc4 46. Qf7+ d5 47. Qf4+ Kb5 48. a4+ Kc6 49. Qf6+ Kb7 50. Qf7+ Ka6 51. Qf4 Qb1+ 52. Kf2 Qc2+ 53. Kg3 Qh7 54. Qf3 Qg7+ 55. Qg4 Qe7 56. Qe2+ Kb7 57. h6 Qd6+ 58. Kg2 Qxh6 59. Qg4 Qxe3 60. Qd7+ Ka6 61. Qb5+ Kb7 62. Qd7+ Ka6 63. Qc8+ Ka7 64. Qd7+ Ka6 1/2-1/2

[Event "Titled Tuesday intern op 17th Oct Late"]
[Site "Chess.com INT"]
[Date "2023.10.17"]
[Round "6"]
[White "Ianovsky, Matias Manuel"]
[Black "Kalajzic, Ivan"]
[Result "1-0"]
[WhiteElo "2218"]
[BlackElo "2062"]
[PlyCount "149"]
[EventDate "2023.10.17"]
[EventType "swiss (blitz)"]
[EventRounds "11"]
[EventCountry "USA"]
[SourceTitle "EXT 2025"]
[Source "ChessBase"]
[SourceDate "2024.10.14"]
[SourceVersion "1"]
[SourceVersionDate "2024.10.14"]
[SourceQuality "1"]

1. d4 Nc6 2. d5 Ne5 3. Nf3 Nxf3+ 4. exf3 e6 5. Nc3 Bb4 6. Bd3 Nf6 7. dxe6 dxe6 8. 0-0 Bxc3 9. bxc3 h6 10. Ba3 b6 11. Re1 c5 12. c4 0-0 13. Bb2 Bb7 14. Qe2 Qe7 15. a4 a5 16. Bc3 Bc6 17. Qe5 Rfd8 18. Reb1 Rab8 19. Rb2 Ne8 20. Qg3 f5 21. Bxa5 Qf6 22. Rab1 Bxa4 23. Bxb6 Rdc8 24. f4 Bc6 25. Qe3 Nd6 26. h3 Ne4 27. f3 Ng3 28. Kh2 Nh5 29. Qe5 Qf7 30. Bxc5 Rxb2 31. Rxb2 Be8 32. Bd4 Nf6 33. Rb6 Rd8 34. c5 Qd7 35. Rd6 Qc7 36. Rxd8 Qxd8 37. Qxe6+ Bf7 38. Qd6 Qe8 39. Bxf6 gxf6 40. Qxf6 Qe1 41. Qxf5 Qh4 42. Qh7+ Kf8 43. Qh8+ Ke7 44. Qe5+ Kf8 45. Qd6+ Kg7 46. g3 Qh5 47. Qe5+ Qxe5 48. fxe5 Bd5 49. f4 h5 50. Kg1 h4 51. g4 Kf8 52. Kf2 Ke7 53. Be2 Ke6 54. Bf3 Bc4 55. Ke3 Kd7 56. Be2 Bd5 57. Bf3 Bc4 58. g5 Bf1 59. Bg4+ Ke7 60. Kd4 Kf8 61. f5 Kg7 62. c6 Kf8 63. c7 Ke7 64. c8Q Bc4 65. Qd7+ Kxd7 66. Kxc4 Ke7 67. e6 Kd6 68. g6 Ke5 69. g7 Kf6 70. g8Q Ke5 71. e7 Kf4 72. e8Q Kg3 73. Bh5+ Kf2 74. Qg4 Kf1 75. Qee2# 1-0

[Event "Titled Tuesday intern op 17th Oct Early"]
[Site "Chess.com INT"]
[Date "2023.10.17"]
[Round "6"]
[White "Ianovsky, Matias Manuel"]
[Black "Kostiukov, Alexandr"]
[Result "1-0"]
[WhiteElo "2218"]
[BlackElo "2271"]
[PlyCount "43"]
[EventDate "2023.10.17"]
[EventType "swiss (blitz)"]
[EventRounds "11"]
[EventCountry "USA"]
[SourceTitle "EXT 2025"]
[Source "ChessBase"]
[SourceDate "2024.10.14"]
[SourceVersion "1"]
[SourceVersionDate "2024.10.14"]
[SourceQuality "1"]

1. d4 g6 2. Nf3 Bg7 3. c4 d6 4. g3 e5 5. Bg2 exd4 6. Nxd4 Ne7 7. Nc3 Nbc6 8. Nxc6 bxc6 9. 0-0 0-0 10. Be3 Rb8 11. Rb1 Bf5 12. Bxa7 Rb7 13. e4 Rxa7 14. exf5 Nxf5 15. Na4 c5 16. Re1 h5 17. Be4 Nd4 18. b3 Re8 19. Nc3 h4 20. a4 Qg5 21. Bg2 hxg3 22. Rxe8+ 1-0

[Event "Titled Tuesday intern op 17th Oct Early"]
[Site "Chess.com INT"]
[Date "2023.10.17"]
[Round "4"]
[White "Ianovsky, Matias Manuel"]
[Black "Marchesich, Giovanni"]
[Result "0-1"]
[WhiteElo "2218"]
[BlackElo "2197"]
[PlyCount "62"]
[EventDate "2023.10.17"]
[EventType "swiss (blitz)"]
[EventRounds "11"]
[EventCountry "USA"]
[SourceTitle "EXT 2025"]
[Source "ChessBase"]
[SourceDate "2024.10.14"]
[SourceVersion "1"]
[SourceVersionDate "2024.10.14"]
[SourceQuality "1"]

1. d4 Nf6 2. Nf3 c5 3. d5 b5 4. a4 b4 5. Nbd2 d6 6. e4 e5 7. dxe6 Bxe6 8. Ng5 Be7 9. Nxe6 fxe6 10. Bb5+ Nbd7 11. e5 dxe5 12. Nc4 0-0 13. 0-0 Qc7 14. a5 Rad8 15. Qe2 e4 16. a6 Ne5 17. Bf4 Bd6 18. Bg3 Nxc4 19. Bxc4 Kh8 20. Bxe6 Bxg3 21. hxg3 Qe5 22. Bc4 Qxb2 23. Rad1 Rd4 24. g4 Qc3 25. Be6 h6 26. Rfe1 Rfd8 27. Rxd4 Qxd4 28. Qb5 Qd2 29. Re2 Qd1+ 30. Kh2 Qd6+ 31. f4 exf3+ 0-1

[Event "Titled Tuesday intern op 17th Oct Late"]
[Site "Chess.com INT"]
[Date "2023.10.17"]
[Round "5"]
[White "Sroczynski, Maciej"]
[Black "Ianovsky, Matias Manuel"]
[Result "0-1"]
[WhiteElo "2271"]
[BlackElo "2218"]
[PlyCount "68"]
[EventDate "2023.10.17"]
[EventType "swiss (blitz)"]
[EventRounds "11"]
[EventCountry "USA"]
[SourceTitle "EXT 2025"]
[Source "ChessBase"]
[SourceDate "2024.10.14"]
[SourceVersion "1"]
[SourceVersionDate "2024.10.14"]
[SourceQuality "1"]

1. Nf3 Nf6 2. g3 g6 3. Bg2 Bg7 4. d3 0-0 5. e4 d6 6. 0-0 e5 7. c3 Nc6 8. Re1 d5 9. Nbd2 a5 10. exd5 Nxd5 11. Nc4 Re8 12. Ng5 Bf5 13. Ne4 Rb8 14. a4 h6 15. Ne3 Nxe3 16. Bxe3 Ne7 17. g4 Bxe4 18. dxe4 Qc8 19. h4 Qe6 20. g5 h5 21. Qe2 Nc8 22. Kh2 Nd6 23. Red1 Red8 24. Qc2 Qg4 25. Bh3 Qxh4 26. f3 Nc4 27. Qe2 Nxe3 28. Qxe3 Bf8 29. Rd5 c6 30. Rxa5 Be7 31. Rg1 b6 32. Ra7 Bc5 33. Qe1 Qf4+ 34. Qg3 Bxg1+ 0-1